Kum sangbi thak halhthakna suangphum (Record no. 7683)

MARC details
000 -LEADER
fixed length control field 00388nam a22001577a 4500
003 - CONTROL NUMBER IDENTIFIER
control field GBCCL
005 - DATE AND TIME OF LATEST TRANSACTION
control field 20241126110633.0
008 - FIXED-LENGTH DATA ELEMENTS--GENERAL INFORMATION
fixed length control field 180911b ||||| |||| 00| 0 eng d
040 ## - CATALOGING SOURCE
Transcribing agency gbc
082 ## - DEWEY DECIMAL CLASSIFICATION NUMBER
Classification number VER 234.2
Item number VUN
100 ## - MAIN ENTRY--PERSONAL NAME
Personal name Vungsuanthang, G
9 (RLIN) 13528
245 ## - TITLE STATEMENT
Title Kum sangbi thak halhthakna suangphum
260 ## - PUBLICATION, DISTRIBUTION, ETC.
Date of publication, distribution, etc. 2006.
Place of publication, distribution, etc. Bungmual:
Name of publisher, distributor, etc. Author,
300 ## - PHYSICAL DESCRIPTION
Extent 100p. ;
942 ## - ADDED ENTRY ELEMENTS (KOHA)
Source of classification or shelving scheme Dewey Decimal Classification
Koha item type Books
Holdings
Withdrawn status Lost status Source of classification or shelving scheme Damaged status Not for loan Home library Current Library Shelving location Date acquired Total checkouts Full call number Barcode Date last seen Copy number Price effective from Koha item type
    Dewey Decimal Classification     GRACE BIBLE COLLEGE GRACE BIBLE COLLEGE Vernacular 2018-09-11   VER 234.2 VUN 003789 2025-05-01 c.1 2018-09-11 Books
© Grace Bible College Library 2025